=LDR 00000nam 2200000 4500 =001 INLIS000000000031393 =005 20130612133452 =008 ***********************************ind** =035 ##$$0010-061300000031393 =041 ##$$a ind =082 ##$$a 070.4 =090 ##$$a 070.4, FEL t =100 ##$$a Feliza =245 ##$$a Tanya-jawab pers, Feliza =260 ##$$a 1982 $b Bandung =300 ##$$a iv, 120 hlm., 21 cm =650 ##$$a Pers =850 ##$$a NBPNMAT